Countries with the Most Laotians (Laos) - Statistics

General Stats
  • This quiz has been taken 32 times
  • The average score is 16 of 20
Answer Stats
# Country % Correct
288,000 Thailand
100%
14,900 Vietnam
100%
140,000 France
97%
245,220 United States
97%
21,600 Cambodia
90%
251 Spain
90%
24,580 Canada
87%
251 Italy
87%
741 United Kingdom
87%
12,372 Australia
83%
3,986 Germany
83%
17,000 Myanmar
83%
220 Netherlands
73%
115 New Zealand
73%
1,136 Belgium
70%
509 Sweden
67%
1,013 Switzerland
67%
304 Philippines
60%
134 Austria
50%
284 Argentina
27%
No matching quizzes found
Score Distribution
Percent of People with Each Score
Percentile by Number Answered
Your Score History
You have not taken this quiz